| 000 | nkm a22 a 4500 | ||
|---|---|---|---|
| 999 |
_c209476 _d209476 |
||
| 003 | BLK | ||
| 005 | 20210216095733.0 | ||
| 008 | 180412b bul rap|r|||| r0| ||bulo| | ||
| 010 | _aKNG00132525000 | ||
| 040 | _aBLK | ||
| 041 |
_aBUL _cBUL |
||
| 080 |
_aКарикатура. Комикс _b741.5 _x(489)(084) _z741.5(489)(084) |
||
| 100 | 1 |
_aБидструп, Херлуф _eпърви автор _938952 |
|
| 139 |
_aБидструп, Херлуф _bБ 44 |
||
| 245 | 1 | 0 |
_aХумор и сатира _cХерлуф Бидструп ; Прев. |
| 257 | _aBGR | ||
| 260 |
_aКопенхаген _bТиден _c1963 _fОтпеч. в Дания |
||
| 300 |
_a60 с. _bс ил. _c26 см |
||
| 380 | _a7 | ||
| 650 | 0 |
_aКарикатура - албуми _9322226 |
|
| 650 | 4 |
_aГрафика _9152559 |
|
| 651 | 4 |
_aДания _9178803 |
|
| 653 | _aхумор | ||
| 653 | _aсатира | ||
| 653 | _aграфика | ||
| 852 |
_aЦб ІІ 26236 _bЦб |
||
| 942 |
_cGRA _n0 _s1 |
||
| 944 |
_aCR _c25.07.2012 _kГрета_Цуфелде |
||
| 944 |
_aED _c2021-02-16 _kГГГ |
||
| 999 | _d209476 | ||